<?xml version="1.0" encoding="UTF-8"?>
<record
    xmlns:xsi="http://www.w3.org/2001/XMLSchema-instance"
    xsi:schemaLocation="http://www.loc.gov/MARC21/slim http://www.loc.gov/standards/marcxml/schema/MARC21slim.xsd"
    xmlns="http://www.loc.gov/MARC21/slim">

  <leader>01142nam a2200205Ia 4500</leader>
  <datafield tag="952" ind1=" " ind2=" ">
    <subfield code="0">0</subfield>
    <subfield code="1">0</subfield>
    <subfield code="4">0</subfield>
    <subfield code="7">0</subfield>
    <subfield code="a">07</subfield>
    <subfield code="b">07</subfield>
    <subfield code="d">2010-11-22</subfield>
    <subfield code="l">1</subfield>
    <subfield code="o">TX911.3  L437  2010</subfield>
    <subfield code="p">07 001558</subfield>
    <subfield code="r">2024-11-19</subfield>
    <subfield code="s">2020-02-13</subfield>
    <subfield code="t">1</subfield>
    <subfield code="w">2012-06-26</subfield>
    <subfield code="y">LB</subfield>
  </datafield>
  <datafield tag="952" ind1=" " ind2=" ">
    <subfield code="0">0</subfield>
    <subfield code="1">0</subfield>
    <subfield code="2">lcc</subfield>
    <subfield code="4">0</subfield>
    <subfield code="7">0</subfield>
    <subfield code="a">20</subfield>
    <subfield code="b">20</subfield>
    <subfield code="d">2019-10-23</subfield>
    <subfield code="l">0</subfield>
    <subfield code="o">TX911.3 L37</subfield>
    <subfield code="p">20 000477</subfield>
    <subfield code="r">2019-10-23</subfield>
    <subfield code="t">1</subfield>
    <subfield code="w">2019-10-23</subfield>
    <subfield code="y">LB</subfield>
  </datafield>
  <datafield tag="999" ind1=" " ind2=" ">
    <subfield code="c">67075</subfield>
    <subfield code="d">67075</subfield>
  </datafield>
  <controlfield tag="008">120626s9999    xx            000 0 und d</controlfield>
  <datafield tag="020" ind1=" " ind2=" ">
    <subfield code="a">9786070500152</subfield>
  </datafield>
  <datafield tag="050" ind1="0" ind2="4">
    <subfield code="a">TX911.3</subfield>
    <subfield code="b">L37</subfield>
  </datafield>
  <datafield tag="100" ind1=" " ind2=" ">
    <subfield code="a">Lara Mart&#xED;nez Lazcano, Jorge</subfield>
  </datafield>
  <datafield tag="245" ind1="1" ind2="0">
    <subfield code="a">&#xA1;Haz rentable tu restaurante!</subfield>
    <subfield code="b"> : Controla los costos y los gastos </subfield>
    <subfield code="c"> / Jorge Lara Mart&#xED;nez Lazcano</subfield>
  </datafield>
  <datafield tag="260" ind1=" " ind2=" ">
    <subfield code="a">M&#xE9;xico</subfield>
    <subfield code="b"> : Limusa</subfield>
    <subfield code="c"> , 2010</subfield>
  </datafield>
  <datafield tag="300" ind1=" " ind2=" ">
    <subfield code="a">xiv , 214 paginas</subfield>
  </datafield>
  <datafield tag="500" ind1=" " ind2=" ">
    <subfield code="a">Incluye:
Dedicatoria
Tabla de contenido
Pr&#xF3;logo
Introducci&#xF3;n
Glosario
Soluci&#xF3;n de casos pr&#xE1;cticos
Rendimiento pollo
Soluci&#xF3;n al caso pr&#xE1;ctico tarjeta k&#xE1;rdex
Soluci&#xF3;n al caso pr&#xE1;ctico SNACK
Agradecimientos especiales</subfield>
  </datafield>
  <datafield tag="504" ind1=" " ind2=" ">
    <subfield code="a">Bibliograf&#xED;a (pp. 211-212)</subfield>
  </datafield>
  <datafield tag="505" ind1=" " ind2=" ">
    <subfield code="a">El negocio de restaurantes.
la deliciosa y refrescante oferta.
Proveedores y compras.
Recepci&#xF3;n de mercanc&#xED;a y almacenamiento.
Controlando a la producci&#xF3;n y el servicio.
C&#xE1;lculo y an&#xE1;lisis del costo.
Invierte en sistemas que faciliten tu trabajo
Casos p&#xE1;rcticos</subfield>
  </datafield>
  <datafield tag="519" ind1=" " ind2=" ">
    <subfield code="a">Material Complementario / </subfield>
    <subfield code="d">(20 000477)</subfield>
  </datafield>
  <datafield tag="650" ind1="1" ind2="7">
    <subfield code="a">COSTOS DE PRODUCCI&#xD3;N </subfield>
  </datafield>
  <datafield tag="650" ind1="1" ind2="7">
    <subfield code="a">RESTAURANTES-ADMINISTRACI&#xD3;N</subfield>
  </datafield>
  <datafield tag="942" ind1=" " ind2=" ">
    <subfield code="c">LB</subfield>
    <subfield code="2">lcc</subfield>
  </datafield>
</record>
